000
00315nam a2200157Ia 4500
100
_a
Coad Peter/ Mayfield/ Mark
250
_a
2
942
_c
BK
654
_a
java
245
_a
JAVA Design
260
_b
Yourdon Press
_c
1999
082
_a
5.133
_b
COA/MAY
300
_a
309
546
_a
ENGLISH
999
_c
20906
_d
20906